|
|
|
|
| LEADER |
01594nam a22004094a 4500 |
| 001 |
EBC201861 |
| 003 |
MiAaPQ |
| 005 |
20200520144314.0 |
| 006 |
m o d | |
| 007 |
cr cn||||||||| |
| 008 |
001108s2001 enka sb 001 0 eng |
| 010 |
|
|
|z 00065153
|
| 020 |
|
|
|z 0521801184 (hbk.)
|
| 020 |
|
|
|z 0521805112 (pbk.)
|
| 035 |
|
|
|a (MiAaPQ)EBC201861
|
| 035 |
|
|
|a (Au-PeEL)EBL201861
|
| 035 |
|
|
|a (CaPaEBR)ebr10005711
|
| 035 |
|
|
|a (CaONFJC)MIL43038
|
| 035 |
|
|
|a (OCoLC)437063295
|
| 040 |
|
|
|a MiAaPQ
|c MiAaPQ
|d MiAaPQ
|
| 050 |
|
4 |
|a JL966
|b .S76 2001
|
| 082 |
0 |
4 |
|a 320/.6/098
|2 21
|
| 100 |
1 |
|
|a Stokes, Susan Carol.
|
| 245 |
1 |
0 |
|a Mandates and democracy
|h [electronic resource] :
|b neoliberalism by surprise in Latin America /
|c Susan C. Stokes.
|
| 260 |
|
|
|a Cambridge ;
|a New York :
|b Cambridge University Press,
|c 2001.
|
| 300 |
|
|
|a xiii, 220 p. :
|b ill.
|
| 490 |
1 |
|
|a Cambridge studies in comparative politics
|
| 504 |
|
|
|a Includes bibliographical references (p. 197-210) and indexes.
|
| 533 |
|
|
|a Electronic reproduction. Ann Arbor, MI : ProQuest, 2015. Available via World Wide Web. Access may be limited to ProQuest affiliated libraries.
|
| 650 |
|
0 |
|a Democracy
|z Latin America.
|
| 651 |
|
0 |
|a Latin America
|x Politics and government
|y 1980-
|
| 651 |
|
0 |
|a Latin America
|x Economic conditions
|y 1982-
|
| 651 |
|
0 |
|a Latin America
|x Economic policy.
|
| 655 |
|
4 |
|a Electronic books.
|
| 710 |
2 |
|
|a ProQuest (Firm)
|
| 830 |
|
0 |
|a Cambridge studies in comparative politics.
|
| 856 |
4 |
0 |
|u https://ebookcentral.proquest.com/lib/matrademy/detail.action?docID=201861
|z Click to View
|